LEADER 02349oas 2200757 a 450 001 9910134096903321 005 20250921213016.0 035 $a(OCoLC)62585897 035 $a(CONSER) 2010268023 035 $a(CKB)111021054531278 035 $a(EXLCZ)99111021054531278 100 $a20051213b19831992 uy a 101 0 $aeng 135 $aurbn||||||||| 181 $ctxt$2rdacontent 182 $cc$2rdamedia 183 $acr$2rdacarrier 200 10$aCanadian human rights yearbook =$eAnnuaire canadien des droits de la personne 210 $aToronto $cCarswell$d1983-1992 300 $aTitle from title screen (viewed Dec. 12, 2005). 300 $a" ... published yearly by the University of Ottawa Human Rights Research and Education Centre in collaboration with the Carswell Company." 311 08$a0824-5266 320 $aIncludes bibliographical references. 517 3 $aAnnuaire canadien des droits de la personne 606 $aCivil rights$vPeriodicals 606 $aCivil rights$zCanada$vPeriodicals 606 $aCivil rights$zCanada$xPeriodicals 606 $aCivil rights$vPeriodicals 606 $aDroits de l'homme$zCanada$xPe?riodiques 606 $aDroits de l'homme$xPe?riodiques 606 $aCivil rights$2fast$3(OCoLC)fst00862627 606 $aMensenrechten$2gtt 607 $aCanada$2fast$1https://id.oclc.org/worldcat/entity/E39PBJkMHVW4rfVXPrhVP4VwG3 608 $aPeriodicals.$2fast 615 0$aCivil rights 615 0$aCivil rights 615 0$aCivil rights$xPeriodicals. 615 0$aCivil rights 615 6$aDroits de l'homme$xPe?riodiques. 615 6$aDroits de l'homme$xPe?riodiques. 615 7$aCivil rights. 615 17$aMensenrechten. 712 02$aUniversity of Ottawa.$bHuman Rights Research and Education Centre. 712 02$aCarswell Company 801 0$bGAO 801 1$bGAO 801 2$bNCCHA 801 2$bNDO 801 2$bRCJ 801 2$bCUD 801 2$bNLGGC 801 2$bOCLCQ 801 2$bOCLCF 801 2$bOCLCA 801 2$bOCLCO 801 2$bOCLCQ 801 2$bAU@ 801 2$bUUM 801 2$bVT2 801 2$bINARC 801 2$bOCLCO 801 2$bOCLCL 906 $aJOURNAL 912 $a9910134096903321 996 $aCanadian human rights yearbook$92127050 997 $aUNINA